Evolución y panorama actual del movimiento cinematográfico Dogma95 /

La intención es exponer y difundir la propuesta Dogma 95, sus antecedentes y el contexto en que surgió esta proposición danesa, hasta el lineamiento que sus creadores establecieron y que rige su producción con la finalidad de expresar su inconformidad con la industria hollywoodense y el cine comerci...

Description complète

Enregistré dans:
Détails bibliographiques
Auteur principal: Limón Guzmán, Celina Bernardette (autor)
Autres auteurs: González García, Alicia Esmeralda (autor) (autor), Vázquez Aldrete, Liliana (autor) (autor)
Format: Thèse Livre
Langue:espagnol
Sujets:
Tags: Ajouter un tag
Pas de tags, Soyez le premier à ajouter un tag!

MARC

LEADER 00000nam^a2200000^a^4500
001 000266968
005 20250521000000.0
009 20260310110807.885
037 |a Acervo ITESO - Biblioteca 
041 |a ESP 
090 |a CCO. 641 
100 |a Limón Guzmán, Celina Bernardette  |e (autor) 
245 1 0 |a Evolución y panorama actual del movimiento cinematográfico Dogma95 /  |c C.B. Limón Guzmán, A.E. González García, L. Vázquez Aldrete. 
264 |a Guadalajara, México :  |b edición de autor,  |c 2007 
300 |a 1 disco compacto de computadora 
336 |a datos para computadora  |b cod  |2 rdacontenido 
337 |a computadora  |b c  |2 rdamedio 
338 |a disco de computadora  |b cd  |2 rdasoporte 
502 |a ITESO Tesis de Licenciatura en Ciencias de la Comunicación 
520 |a La intención es exponer y difundir la propuesta Dogma 95, sus antecedentes y el contexto en que surgió esta proposición danesa, hasta el lineamiento que sus creadores establecieron y que rige su producción con la finalidad de expresar su inconformidad con la industria hollywoodense y el cine comercial. 
649 |a XX 
650 |a Dogma 95 (Movimiento Fílmico) -  |x Tema Principal 
650 |a Cine Danés -  |y 1990-1999 
650 |a Cine Danés -  |y Siglo XX 
650 |a Cine Independiente 
650 |a Cine -  |x Historia y Crítica 
650 |a Medios Audiovisuales 
650 |a Comunicación Visual 
700 |a González García, Alicia Esmeralda  |e (autor) 
700 |a Vázquez Aldrete, Liliana  |e (autor) 
910 |a Fondo General 
920 |a Electrónicos - Tesis del ITESO en Disco 
905 |a 202 
901 |a 0500151190  |b IT2  |c STS  |u 20250521 
902 |a https://opac.biblio.iteso.mx/vufind/Record/000266968